| 000 | 00944cam a2200277 a 4500 | ||
|---|---|---|---|
| 001 | 1682 | ||
| 005 | 20240108135048.0 | ||
| 020 | _a0545484312 | ||
| 040 |
_aDLC _cDLC _dDLC _beng |
||
| 050 | 0 | 0 | _aPS586.P634 |
| 082 | 0 | 0 |
_a811.008 _222 |
| 100 | _aKatz, Bobbi | ||
| 245 | 0 | 0 |
_aPocket poems / _cselected by Bobbi Katz ; illustrated by Marylin Hafner. |
| 250 | _aFirst Edition | ||
| 260 |
_aNew York : _bScholastic _c2004 |
||
| 300 |
_a28 pages : _bcolor illustrations ; _c27 cm |
||
| 505 | _aN | ||
| 520 | _aA collection of short poems by such authors as: Gwendolyn Brooks, Emily Dickinson, Emily George, Nikki Giovanni, Eve Merriam, and Charlotte Pomerantz. | ||
| 521 |
_a530
_bLexile |
||
| 521 |
_aN
_bRaz-Plus |
||
| 650 | 0 | _aChildren's poetry, American. | |
| 650 | 1 |
_aAmerican poetry _vCollections. |
|
| 700 | 1 |
_aHafner, Marylin, _eillustrator |
|
| 906 |
_a7 _bcbc _corignew _d1 _eocip _f20 _gy-gencatlg |
||
| 942 |
_2ddc _cBK _n0 |
||
| 999 |
_c1682 _d1682 |
||